01103 2200361 4500001002100000005001500021035002000036007000300056008004100059040001700100100002000117245011400137250001000251300003300261504003000294020002200324041000800346082001200354084001800366090002300384260003400407500007800441650001000519700003700529850001000566990002400576990002400600990002300624990002300647990002300670990002400693990002400717INLIS00000000000263620260601082619 a0010-0620000009ta260601 0  aSBPUPADbind0 aZaeni Asyhadie:1 aHukum Jaminan Di Indonesia :bKajian Berdasarkan Hukum Nasional dan Prinsip Ekonomi Syariah /cZaeni Asyhadie aCet.1 aix+332 hlm, :bIlus ;c23 cm aBibiliografi, hlm 313-318 a978-602-425-586-20 aind a346.082 a346.082 ZAE h a346.082 ZAE h 11-8 aDepok :bRajawali Pers,c2018 aTentang Penulis, hlm 331-332, Indeks, hlm 325-329, Glosarium, hlm 319-323 4aHukum aPengarang ke 2: Rahma Kusumawati aPUPAD a32.851/DAK/DPK/2019 a32.850/DAK/DPK/2019 a36.122/BR/DPK/2021 a36.123/BR/DPK/2021 a36.124/BR/DPK/2021 a32.852/DAK/DPK/2019 a32.853/DAK/DPK/2019